Brooklyn Nine-Nine Episodes - Statistics

General Stats
  • This quiz has been taken 33 times
  • The average score is 64 of 148
Answer Stats
Season Episode Episode Name % Correct
1 1 Pilot
100%
1 6 Halloween
85%
5 9 99
77%
5 4 HalloVeen
77%
4 1 Coral Palms
69%
5 22 Jake & Amy
69%
2 23 Johnny and Dora
69%
1 10 Thanksgiving
69%
1 14 The Ebony Falcon
69%
2 1 Undercover
69%
3 17 Adrian Pimento
62%
6 12 Casecation
62%
2 4 Halloween II
62%
1 4 M.E. Time
62%
4 16 Moo Moo
62%
1 12 Pontiac Bandit
62%
5 14 The Box
62%
3 2 The Funeral
62%
1 5 The Vulture
62%
1 7 48 Hours
54%
3 12 9 Days
54%
7 10 Admiral Peralta
54%
3 18 Cheddar
54%
2 2 Chocolate Milk
54%
1 11 Christmas
54%
6 16 Cinco de Mayo
54%
4 22 Crime and Punishment
54%
4 5 Halloween IV
54%
6 1 Honeymoon
54%
3 14 Karen Peralta
54%
4 7 Mr. Santiago
54%
5 12 Safe House
54%
1 9 Sal's Pizza
54%
6 18 Suicide Squad
54%
3 19 Terry Kitties
54%
1 13 The Bet
54%
3 13 The Cruise
54%
1 2 The Tagger
54%
1 21 Unsolvable
54%
5 21 White Whale
54%
3 8 Ava
46%
2 12 Beach House
46%
8 3 Blue Flu
46%
4 10 Captain Latvia
46%
2 18 Captain Peralta
46%
4 18 Chasing Amy
46%
4 17 Cop-Con
46%
1 17 Full Boyle
46%
3 23 Greg and Larry
46%
3 5 Halloween III
46%
6 8 He Said, She Said
46%
6 2 Hitchcock & Scully
46%
3 11 Hostage Situation
46%
4 6 Monster in the Closet
46%
3 1 New Captain
46%
1 15 Operation: Broken Feather
46%
2 11 Stakeout
46%
1 18 The Apartment
46%
5 1 The Big House
46%
2 22 The Chopper
46%
4 11 The Fugitive
46%
8 1 The Good Ones
46%
5 13 The Negotiation
46%
4 4 The Night Shift
46%
2 10 The Pontiac Bandit Returns
46%
1 3 The Slump
46%
3 9 The Swedes
46%
6 3 The Tattler
46%
6 14 Ticking Clocks
46%
7 11 Valloweaster
46%
2 15 Windbreaker City
46%
3 10 Yippie Kayak
46%
4 19 Your Honor
46%
2 20 AC/DC
38%
6 5 A Tale of Two Bandits
38%
5 19 Bachelor/ette Party
38%
2 17 Boyle-Linetti Wedding
38%
3 22 Bureau
38%
1 22 Charges and Specs
38%
7 5 Debbie
38%
1 20 Fancy Brudgom
38%
6 4 Four Movements
38%
5 10 Game Night
38%
3 16 House Mouses
38%
2 6 Jake and Sophia
38%
5 3 Kicks
38%
7 13 Lights Out
38%
3 21 Maximum Security
38%
1 8 Old School
38%
7 3 Pimemento
38%
4 8 Skyfire Cycle
38%
1 19 Tactical Village
38%
3 15 The 9-8
38%
4 21 The Bank Job
38%
2 14 The Defense Rests
38%
5 11 The Favor
38%
6 7 The Honeypot
38%
2 5 The Mole
38%
4 9 The Overmining
38%
1 16 The Party
38%
5 15 The Puzzle Master
38%
2 9 The Road Trip
38%
4 20 The Slaughterhouse
38%
5 6 The Venue
38%
2 16 The Wednesday Incident
38%
5 7 Two Turkeys
38%
2 8 USPIS
38%
5 5 Bad Beat
31%
3 3 Boyle's Hunch
31%
7 2 Captain Kim
31%
2 21 Det. Dave Majors
31%
5 17 DFW
31%
7 9 Dillman
31%
6 10 Gintars
31%
5 18 Gray Star Mutual
31%
3 6 Into the Woods
31%
2 7 Lockdown
31%
7 1 Manhunter
31%
5 16 NutriBoom
31%
3 20 Paranoia
31%
2 13 Payback
31%
8 5 PB&J
31%
7 12 Ransom
31%
6 15 Return of the King
31%
5 8 Return to Skyfire
31%
4 14 Serve & Protect
31%
5 20 Show Me Going
31%
6 17 Sicko
31%
4 13 The Audit
31%
6 13 The Bimbo
31%
6 6 The Crime Scene
31%
6 9 The Golden Child
31%
2 3 The Jimmy Jab Games
31%
7 4 The Jimmy Jab Games II
31%
8 9 The Last Day
31%
4 15 The Last Ride
31%
3 7 The Mattress
31%
3 4 The Oolong Slayer
31%
6 11 The Therapist
31%
7 6 Trying
31%
7 7 Ding Dong
23%
2 19 Sabotage
23%
8 2 The Lake House
23%
7 8 The Takeback
23%
8 4 Balancing
15%
8 7 Game of Boyles
15%
8 8 Renewal
15%
8 6 The Set Up
15%
No matching quizzes found
Score Distribution
Percent of People with Each Score
Percentile by Number Answered
Your Score History
You have not taken this quiz